Most Popular Drill Songs - Statistics

General Stats
  • This quiz has been taken 38 times
  • The average score is 6 of 10
Answer Stats
No. Rapper Song Streams % Correct
3 Pop Smoke Dior 1,195,158,245
92%
9 King Von Took Her To The O 692,661,828
79%
6 Chief Keef Love Sosa 894,984,806
75%
5 Dave, Central Cee Sprinter 916,252,455
63%
8 Central Cee Doja 823,830,960
58%
1 Pop Smoke What You Know Bout Love 1,268,870,016
50%
2 Pop Smoke, Lil Baby,DaBaby For The Night (feat. Lil Baby & DaBaby) 1,206,565,089
46%
4 Sleepy Hallow 2055 1,014,880,566
42%
10 Pop Smoke,A Boogie Wit Da Hoodie Hello (A Boogie Wit Da Hoodie) 633,313,496
42%
7 Pop Smoke, Lil Tjay Mood Swings (feat. Lil Tjay) 885,631,569
33%
No matching quizzes found
Score Distribution
Percent of People with Each Score
Percentile by Number Answered
Your Score History
You have not taken this quiz